The God delusion (Record no. 63057)
[ view plain ]
| 000 -LEADER | |
|---|---|
| fixed length control field | 00425nam a2200181Ia 4500 |
| 003 - CONTROL NUMBER IDENTIFIER | |
| control field | 0100 |
| 005 - DATE AND TIME OF LATEST TRANSACTION | |
| control field | 20150401114627.0 |
| 008 - FIXED-LENGTH DATA ELEMENTS--GENERAL INFORMATION | |
| fixed length control field | 130303s9999 xx 000 0 und d |
| 040 ## - CATALOGING SOURCE | |
| Transcribing agency | ARRUPELIB |
| 050 ## - LIBRARY OF CONGRESS CALL NUMBER | |
| Classification number | BL2775.3.D39 2006 |
| 300 ## - PHYSICAL DESCRIPTION | |
| Other physical details | 20cm. |
| 100 ## - MAIN ENTRY--PERSONAL NAME | |
| Personal name | Dawkins, Richard |
| 9 (RLIN) | 16870 |
| 245 #4 - TITLE STATEMENT | |
| Title | The God delusion |
| 260 ## - PUBLICATION, DISTRIBUTION, ETC. (IMPRINT) | |
| Place of publication, distribution, etc | London |
| Date of publication, distribution, etc | 2006 |
| 260 ## - PUBLICATION, DISTRIBUTION, ETC. (IMPRINT) | |
| Name of publisher, distributor, etc | Black Swan |
| 300 ## - PHYSICAL DESCRIPTION | |
| Extent | 463p. |
| 942 ## - ADDED ENTRY ELEMENTS (KOHA) | |
| Source of classification or shelving scheme | Library of Congress Classification |
| Koha issues (borrowed), all copies | 9 |
| Koha item type | Monograph ( Printed materials) |
| Withdrawn status | Lost status | Source of classification or shelving scheme | Damaged status | Not for loan | Collection code | Home library | Current library | Shelving location | Date acquired | Total Checkouts | Full call number | Barcode | Date last seen | Date checked out | Copy number | Price effective from | Koha item type |
|---|---|---|---|---|---|---|---|---|---|---|---|---|---|---|---|---|---|
| Library of Congress Classification | Main Collection | ARRUPE LIBRARY | ARRUPE LIBRARY | 05/03/2013 | 12 | BL2775.3.D39 2006 | 46003097617 | 13/06/2024 | 18/03/2024 | 1 | 05/03/2013 | Monograph ( Printed materials) | |||||
| Library of Congress Classification | Main Collection | ARRUPE LIBRARY | ARRUPE LIBRARY | 05/03/2013 | 23 | BL2775.3.D39 2006 | 46003098356 | 29/06/2020 | 28/05/2020 | 2 | 05/03/2013 | Monograph ( Printed materials) | |||||
| Library of Congress Classification | Main Collection | ARRUPE LIBRARY | ARRUPE LIBRARY | Main Collection | 17/03/2015 | 5 | BL2775.3.D39 2006 | 46500000907 | 02/02/2026 | 16/01/2020 | 3 | 17/03/2015 | Monograph ( Printed materials) |